000 00423nam a2200181Ia 4500
001 10999
005 20260306161913.0
008 260306t1998||||xx |||||||||||||| ||spa||
041 _aESP
082 _a985
_bR68
100 _aRivera Martínez, Edgardo
_eAUT
245 0 _aAntología de Trujillo
260 _c1998
300 _a367 páginas :
_c24 cm.
650 _aGEN
654 _aCHU
942 _cLIB
_dJUS
_fJUS
_2ddc
_n
999 _c10999
_d10999